Historia de Irlanda /

-д хадгалсан:
Номзүйн дэлгэрэнгүй
Үндсэн зохиолч: Ranelagh, John O'Beirne (autor)
Формат: Ном
Хэл сонгох:испани
Хэвлэсэн: Madrid, España : Akal, 2014, c2014
Хэвлэл:3a edición
Цуврал:(Akal Historias)
Нөхцлүүд:
Шошгууд: Шошго нэмэх
Шошго байхгүй, Энэхүү баримтыг шошголох эхний хүн болох!

MARC

LEADER 00000nam^a2200000^a^4500
001 000350850
005 20250521000000.0
009 20260310114955.099
020 |a 978-84-460-3977-8 
037 |a Acervo ITESO - Biblioteca 
041 |a ESP 
082 |a 941. 5  |b RAN 
100 |a Ranelagh, John O'Beirne  |e (autor) 
245 1 0 |a Historia de Irlanda /  |c J.O. Ranelagh ; tr. por Rafael Herrera Bonet. 
250 |a 3a edición 
264 4 |a Madrid, España :  |b Akal,  |c 2014, c2014 
300 |a 479 p. 
336 |a texto  |b txt  |2 rdacontenido 
337 |a sin mediación  |b n  |2 rdamedio 
338 |a volumen  |b nc  |2 rdasoporte 
440 1 |a (Akal Historias) 
649 |a XX 
650 |a Política -  |z Irlanda -  |x Historia 
650 |a Economía -  |z Irlanda -  |x Historia 
650 |a Irlanda -  |x Historia -  |x Tema Principal 
910 |a Fondo General 
920 |a Impresos - Libros 
930 |a Colección General 
905 |a 101 
901 |a 0500241537  |b IT1  |c ACC  |i C144220  |u 20250521 
902 |a https://opac.biblio.iteso.mx/vufind/Record/000350850